EU competition law handbook 2013 edition / (Record no. 18174)
[ view plain ]
| 000 -LEADER | |
|---|---|
| fixed length control field | 00941cam a22002772 4500 |
| 001 - CONTROL NUMBER | |
| control field | 0000024318 |
| 003 - CONTROL NUMBER IDENTIFIER | |
| control field | OSt |
| 005 - DATE AND TIME OF LATEST TRANSACTION | |
| control field | 20200127123107.0 |
| 008 - FIXED-LENGTH DATA ELEMENTS--GENERAL INFORMATION | |
| fixed length control field | 130703s xx 000 0 eng d |
| 020 ## - INTERNATIONAL STANDARD BOOK NUMBER | |
| International Standard Book Number | 0414072480 : |
| 040 ## - CATALOGING SOURCE | |
| Original cataloging agency | KABU |
| Transcribing agency | KABU |
| 050 ## - LIBRARY OF CONGRESS CALL NUMBER | |
| Classification number | KJE6456 |
| Item number | .A4W68 2020 c. 1 |
| 100 1# - MAIN ENTRY--PERSONAL NAME | |
| Personal name | Woude, Marc Van Der. |
| 245 10 - TITLE STATEMENT | |
| Title | EU competition law handbook 2013 edition / |
| Statement of responsibility, etc. | Marc Van Der Woude, Christopher Jones. |
| 250 ## - EDITION STATEMENT | |
| Edition statement | 2020 ed. |
| 260 ## - PUBLICATION, DISTRIBUTION, ETC. (IMPRINT) | |
| Place of publication, distribution, etc. | London : |
| Name of publisher, distributor, etc. | Sweet & Maxwell, |
| Date of publication, distribution, etc. | 2020. |
| 300 ## - PHYSICAL DESCRIPTION | |
| Extent | xx, 1493 p. |
| 650 #0 - SUBJECT ADDED ENTRY--TOPICAL TERM | |
| Topical term or geographic name as entry element | Restraint of trade |
| General subdivision | EU Countries. |
| 650 #0 - SUBJECT ADDED ENTRY--TOPICAL TERM | |
| Topical term or geographic name as entry element | Antitrust law |
| General subdivision | EU Countries. |
| 700 1# - ADDED ENTRY--PERSONAL NAME | |
| Personal name | Jones, Christopher. |
| 908 ## - PUT COMMAND PARAMETER (RLIN) | |
| Put command parameter | 130703 |
| 942 ## - ADDED ENTRY ELEMENTS (KOHA) | |
| Source of classification or shelving scheme | Library of Congress Classification |
| Koha item type | General Collection |
| Classification part | KJE6456 |
| Item part | .A4W68 2020 c. 1 |
| Withdrawn status | Lost status | Source of classification or shelving scheme | Not for loan | Home library | Current library | Date acquired | Cost, normal purchase price | Total Checkouts | Full call number | Barcode | Date last seen | Copy number | Price effective from | Koha item type |
|---|---|---|---|---|---|---|---|---|---|---|---|---|---|---|
| Library of Congress Classification | Kabarak, Main Campus | Kabarak, Main Campus | 27/01/2020 | 29756.00 | KJE6456 .A4W68 2020 c. 1 | 028178 | 27/01/2020 | c. 1 | 27/01/2020 | General Collection | ||||
| Library of Congress Classification | Kabarak, Main Campus | Kabarak, Main Campus | 27/01/2020 | 29756.00 | KJE6456 .A4W68 2020 c. 2 | 028179 | 27/01/2020 | c. 2 | 27/01/2020 | General Collection |